000 00894nam a2200229Ii 4500
003 JO-AjNU
008 230605s9999||||xx |||||||||||||| ||und||
017 _a2011/1/114
020 _a978-9957-32-580-0
040 _aJO-AjNU
_bara
_erda
_cJO-AjNU
041 _aara
050 1 4 _aHD37.A7.M343.2011
100 3 _aعريقات،احمد يوسف/توفيق صالح عبدالهادي/حسين احمد الطراونة/عبدالمعطي سليمان ابو الرب,
_eauthor
_931792
245 0 0 _aالمفاهيم الادارية الاساسية النظرية والتطبيق
250 _aط1
264 3 1 _aعمان:دار الحامد للنشر والتوزيع،2011
300 _a359ص
336 _atext
_btxt
_2rdacontent
337 _aunmediated
_bn
_2rdamedia
338 _avolume
_bnc
_2rdacarrier
650 4 _aالادارة العامة-ادارة الاعمال
_931793
999 _aA12756
_c16324
_d16324